Financial Accounting, Reporting and Analysis: International Edition (Record no. 2782)

MARC details
005 - DATE AND TIME OF LATEST TRANSACTION
control field 20250528141324.0
020 ## - INTERNATIONAL STANDARD BOOK NUMBER
International Standard Book Number 978-0-273-70253-5
082 ## - DEWEY DECIMAL CLASSIFICATION NUMBER
Classification number LECT 657 ELL
100 ## - MAIN ENTRY--PERSONAL NAME
Author name ELLIOTT, B.
245 ## - TITLE STATEMENT
Title Financial Accounting, Reporting and Analysis: International Edition
250 ## - EDITION STATEMENT
Edition statement 2nd Ed.
260 ## - PUBLICATION, DISTRIBUTION, ETC.
Place of publication, distribution, etc. London,
Name of publisher, distributor, etc. Pearson Education Limited,
Date of publication, distribution, etc. 2006.
300 ## - PHYSICAL DESCRIPTION
Extent xxi, 696p.: ill.; figure, table.
Other physical details Index,
Dimensions 25cm.
700 ## - ADDED ENTRY--PERSONAL NAME
Other authors/Editors ELLIOTT, J.
856 ## - ELECTRONIC LOCATION AND ACCESS
Link text Access online book
Electronic name Financial Accounting, Reporting and Analysis: International Edition
Path www.personed.co.uk/elliott_elliott
942 ## - ADDED ENTRY ELEMENTS (KOHA)
Source of classification or shelving scheme Dewey Decimal Classification
Koha item type Books
Holdings
Date last seen Total checkouts Full call number Barcode Cost, replacement price Price effective from Koha item type Lost status Source of classification or shelving scheme Damaged status Not for loan Withdrawn status Home library Current library Shelving location Date acquired Cost, normal purchase price
06/28/2025   657ELL DOM000530 159000.00 06/28/2025 Books   Dewey Decimal Classification       CBE Dodoma CBE Dodoma General Collection 09/08/2008 53000.00
05/28/2025   LECT 657 ELL 00000010373 159000.00 05/28/2025 Books   Dewey Decimal Classification       College of Business Education Main Library College of Business Education Main Library General Collection 09/08/2008 53000.00
05/28/2025   LECT 657 ELL 00000010374 159000.00 05/28/2025 Books   Dewey Decimal Classification       College of Business Education Main Library College of Business Education Main Library General Collection 09/08/2008 53000.00
05/30/2025   657 ELL 00000010468 159000.00 05/30/2025 Books   Dewey Decimal Classification       College of Business Education Main Library College of Business Education Main Library Special Reserve Collection 09/08/2008 53000.00